| 000 | 00322 a2200133 4500 | ||
|---|---|---|---|
| 001 | 90550 | ||
| 082 | _aPR 961 | ||
| 090 |
_c42885 _d42885 |
||
| 100 | _aNasir Mahmud; | ||
| 245 |
_aThrust measuring system _nG-27 |
||
| 260 |
_aKarachi _bNED University _c1988 |
||
| 300 |
_a76 p. _bhand written |
||
| 500 | _aBE Project Reports | ||
| 942 |
_aCAE NUST _kPR 961 |
||
| 999 |
_c325623 _d325623 |
||